Programa analítico, guía de estudio y temas de pedagogía 1 / Rosario Quintero Pizonero (Registro nro. 1084)

Detalles MARC
000 -LEADER
fixed length control field 00500nam a22001931a 4500
001 - CONTROL NUMBER
control field 1084
003 - CONTROL NUMBER IDENTIFIER
control field OSt
005 - DATE AND TIME OF LATEST TRANSACTION
control field 20260204211720.0
008 - FIXED-LENGTH DATA ELEMENTS--GENERAL INFORMATION
fixed length control field 040116s1986||||xx ||||||b||||||||||spa||
050 ## - LIBRARY OF CONGRESS CALL NUMBER
Classification number 374 42p
082 ## - DEWEY DECIMAL CLASSIFICATION NUMBER
Classification number 374 42p
100 ## - ASIENTO PRINCIPAL -- NOMBRE PERSONAL
Personal name Quintero Pizonero, Rosario
245 ## - TÍTULO PROPIAMENTE DICHO: SUBTÍTULO
Title Programa analítico, guía de estudio y temas de pedagogía 1 / Rosario Quintero Pizonero
264 ## - PRODUCTION, PUBLICATION, DISTRIBUTION, MANUFACTURE, AND COPYRIGHT NOTICE
Place of production, publication, distribution, manufacture S.l : S.n
300 ## - PHYSICAL DESCRIPTION
Extensión 231 p
500 ## - GENERAL NOTE
General note
650 ## - ASIENTO SECUNDARIO DE MATERIA -- TERMINO TEMÁTICO
Termino Temático Como Elemento de Entrada 1.Educación - PedagógicaÌ
942 ## - ADDED ENTRY ELEMENTS (KOHA)
Source of classification or shelving scheme Dewey Decimal Classification
Koha item type Libros
Existencias
Withdrawn status Lost status Source of classification or shelving scheme Damaged status Not for loan Current library Date acquired Total Checkouts Full call number Barcode Date last seen Price effective from Koha item type
    Dewey Decimal Classification     Biblioteca UTECO 09/09/2019   374 42P 000490 09/09/2019 09/09/2019 Libros
© 2021 Derechos Reservados UTECO - Teléfono: +1 809-585-2291 - Correo electrónico: biblioteca@uteco.edu.do​  
Código postal 43000 ​​
Dirección: Avenida Universitaria No. 100, 
Cotuí, Provincia Sánchez Ramírez, República Dominicana - RNC: 404-00059-6